01454nam a22003494a 4500001001100000003000800011006001900019007001500038008004100053010001700094020003600111020003500147040002100182035002000203050002600223082001700249100002000266245010800286260005300394300002500447490006700472504006600539533015200605650004200757650002700799650003100826655002900857710001700886830006100903856012500964999001501089ebr5002686CaPaEBRm u cr cn|||||||||000616s2001 nbuc sb 001 0 eng  z 00055956  z0803217102 (cloth : alk. paper) z0803266294 (pbk. : alk. paper) aCaPaEBRcCaPaEBR a(OCoLC)7076390614aGN17.3.N7bD37 2001eb04a301/.0972211 aDarnell, Regna.10aInvisible genealogiesh[electronic resource] :ba history of Americanist anthropology /cRegna Darnell. aLincoln :bUniversity of Nebraska Press,cc2001. axxvi, 373 p. :bill.1 aCritical studies in the history of anthropology series ;vv. 1 aIncludes bibliographical references (p. [341]-362) and index. aElectronic reproduction.bPalo Alto, Calif. :cebrary,d2013.nAvailable via World Wide Web.nAccess may be limited to ebrary affiliated libraries. 0aAnthropologyzNorth AmericaxHistory. 0aEthnologyxPhilosophy. 0aIndianistszNorth America. 7aElectronic books.2local2 aebrary, Inc. 0aCritical studies in the history of anthropology ;vv. 1.40uhttp://site.ebrary.com/lib/rucke/Doc?id=5002686zAn electronic book accessible through the World Wide Web; click to view c1724d1724